Countries Bordering Ukraine - Map Quiz - Statistics

General Stats
  • This quiz has been taken 1,029 times
  • The average score is 6 of 7
Answers on the Map
Answers color-coded by a green-red scale on the quiz's map according to % correct below.
 
Answer Stats
Answer % Correct
Russia
97%
Belarus
96%
Moldova
94%
Poland
94%
Romania
93%
Slovakia
88%
Hungary
84%
No matching quizzes found
Score Distribution
Percent of People with Each Score
Percentile by Number Answered
Your Score History
You have not taken this quiz